000 00276nam a22001337a 4500
008 210430b ||||| |||| 00| 0 eng d
041 _aeng
080 _22nd
_a101
082 _a101
100 _a24
101 _aFE
245 _aDoing Ethics
_cVaughin,L
942 _2udc
_cBK
999 _c57048
_d57048